01012nam a2200193Ia 4500008004100000082001300041110002900054245011800083300005100201490002800252500026100280650010700541264003200648336002700680337003300707338002800740040003500768999001500803161108s9999 xx 000 0 und d a937 D37l aDiscovery Communications aEl legado del imperio romano = (the legacy of the roman empire) [videodisco digital] /c Discovery Communications a1 DVD (56 minutos) :b sonido, color ;c 19 cm aDiscovery en la escuela aGrados 3-5, 6-8 \\ Resumen: El Imperio Romano se extendió grandemente gracias a las conquistas militares de sus líderes. El descubrimiento de unas carteas enterradas nos revela una pequeña parte de la vida de los soldados romanos lejos de sus hogares aRoma - Vida Social Y Costumbres - Videodiscos / Imperio Romano - Videodiscos / Desde Los 12 A{Aelig}Os aBogotá :b MS Tv & Videos atextobtxt2rdacontent asin mediaciónbn2rdamedia avolumenbnc2rdacarrier aCO-BoRNBPbspaerdacCO-BoRNBP c7535d7535